Electronic Devices and Circuits (Record no. 9909)

MARC details
000 -LEADER
fixed length control field 00438nam a2200181Ia 4500
008 - FIXED-LENGTH DATA ELEMENTS--GENERAL INFORMATION
fixed length control field 230524s9999 xx 000 0 und d
020 ## - INTERNATIONAL STANDARD BOOK NUMBER
ISBN 8187328126
082 ## - DEWEY DECIMAL CLASSIFICATION NUMBER
Classification number 621.3521
Item number SAS
100 ## - MAIN ENTRY--AUTHOR NAME
Personal name B.Sashikala
245 #0 - TITLE STATEMENT
Title Electronic Devices and Circuits
250 ## - EDITION STATEMENT
Edition statement *
260 ## - PUBLICATION, DISTRIBUTION, ETC. (IMPRINT)
Place of publication CHENNAI
Name of publisher Scitech
Year of publication 2003
300 ## - PHYSICAL DESCRIPTION
Number of Pages 7.52+A4.26
500 ## - GENERAL NOTE
General note Quantity Number: 5
650 ## - SUBJECT ADDED ENTRY--TOPICAL TERM
Topical Term Electronics
700 ## - ADDED ENTRY--PERSONAL NAME
Personal name S.Poornachandra
942 ## - ADDED ENTRY ELEMENTS (KOHA)
Koha item type Books
Holdings
Lost status Damaged status Permanent Location Current Location Shelving location Date acquired Full call number Accession Number Koha item type
    Central Library, Trident Academy of Technology Central Library, Trident Academy of Technology General Stacks 05/24/2023 621.3521 SAS 1509 Books
    Central Library, Trident Academy of Technology Central Library, Trident Academy of Technology General Stacks 05/24/2023 621.3521 SAS 1510 Books
    Central Library, Trident Academy of Technology Central Library, Trident Academy of Technology General Stacks 05/24/2023 621.3521 SAS 1511 Books
    Central Library, Trident Academy of Technology Central Library, Trident Academy of Technology General Stacks 05/24/2023 621.3521 SAS 6268 Books
    Central Library, Trident Academy of Technology Central Library, Trident Academy of Technology General Stacks 05/24/2023 621.3521 SAS 6960 Books
Trident Academy of Technology © 2023.
All rights reserved.                                                                                                                                                                                                        Designed by Team of Central Library .

Powered by Koha